00657 2200217 4500245003900000020002100039250001100060700002300071100002100094100001400115100001300129100001400142650001700156005001900173260003600192041001400228084000800242300002800250500015200278336000900430 aMantan #CrazyLovecDy LunalyhText a978-602-1383-070 aCet. 1 aDila Maretihaqsari aChristina Juzwar aDy Lunaly aAiu Ahra aAyuwidiya aNovel Remaja a20240131073449 aYogyakartabBentang Beliac2014 aIndonesia a813 avi + 210 hlm :c20,8 cm aBerarti banyak banget ya, orang-orang yang jualin barang-barang mantannya. Biar bisa move on? Mungkin sudah saatnya aku juga melakukan ini sekarang atext